Entry Personal Name
Number of records used in: 1
001 - CONTROL NUMBER
003 - CONTROL NUMBER IDENTIFIER
005 - DATE AND TIME OF LATEST TRANSACTION
- control field:
20260305112044.0
008 - FIXED-LENGTH DATA ELEMENTS
- fixed length control field:
230929n| azannaabn |a aaa
010 ## - LIBRARY OF CONGRESS CONTROL NUMBER
- LC control number:
n 2023244232
040 ## - CATALOGING SOURCE
- Original cataloging agency:
DLC
- Language of cataloging:
eng
- Description conventions:
rda
- Transcribing agency:
DLC
100 0# - HEADING--PERSONAL NAME
- Personal name:
Māyā Kiraṇ
370 ## - ASSOCIATED PLACE
- Place of birth:
Shertallai (India)
- Place of residence/headquarters:
Bahrain
- Source of term:
naf
372 ## - FIELD OF ACTIVITY
- Field of activity:
Literature
- Source of term:
lcsh
374 ## - OCCUPATION
- Occupation:
Writers
- Source of term:
lcdgt
377 ## - ASSOCIATED LANGUAGE
400 1# - SEE FROM TRACING--PERSONAL NAME
- Personal name:
Kiraṇ, Māyā
670 ## - SOURCE DATA FOUND
- Source citation:
Di br̲eyin geyiṃ, December 2021:
- Information found:
title page (Māyā Kiraṇ) p. facing t.p. (born at Cherthala, Kerala, India; Malayalam writer; currently lives and works as an energy consultant at Behrain)